| 000 | 00895cam a2200253 a 4500 | ||
|---|---|---|---|
| 001 | 000009836 | ||
| 003 | UkOxU | ||
| 005 | 20200929161727.0 | ||
| 008 | 760608s1967 sp 000 p spa d | ||
| 040 |
_aDO-SdBNP _bspa _cBNPHU |
||
| 082 |
_a861.5 _bC355e |
||
| 100 | 1 |
_aCastro, Rosalía de, _d1837-1885 _915026 |
|
| 245 | 1 | 0 |
_aEn las orillas del Sar / _cRosalía de Castro ; edición, prólogo y notas de J. Alonso Montero. |
| 260 |
_aMadrid : _bAnaya, _c1967. |
||
| 300 |
_a144 p. ; _c17 cm. |
||
| 490 | 0 |
_aBiblioteca Anaya _v28 |
|
| 500 | _aLos ejemplares 2 y 3 son una re-impresión del 1969. | ||
| 504 | _aBibliografía: p. [33]-38. | ||
| 650 | 4 |
_aPoesía española _9631 |
|
| 650 | 4 |
_aLiteratura española _9632 |
|
| 600 | 1 | 4 |
_aCASTRO, ROSALÍA DE, _d1837-1885 _xCRÍTICA E INTERPRETACIÓN _915027 |
| 700 | 1 |
_aMontero, Alonso J., _d1928-, _eed. _924750 |
|
| 830 | 0 |
_aBiblioteca Anaya ; _v28 _98674 |
|
| 999 |
_c9595 _d9595 |
||